| 000 | 00448pab a2200157 454500 | ||
|---|---|---|---|
| 008 | 180718b2015 xxu||||| |||| 00| 0 eng d | ||
| 100 | _aPandya, Samta P. | ||
| 245 | _aNew strategies of new religious movements: the case of art of living foundation | ||
| 260 | _c2015 | ||
| 300 | _ap.287-304. | ||
| 362 | _aSep-Dec | ||
| 650 | _aArt of Living Foundation | ||
| 650 | _aReligious movements | ||
| 773 | _aSociological Bulletin | ||
| 909 | _a110469 | ||
| 999 |
_c110464 _d110464 |
||